Psicología social y relaciones entre grupos: estudio experimental

Guardat en:
Dades bibliogràfiques
Autor principal: Doise, Willem (Autor)
Format: Llibre
Idioma:espanyol
Publicat: Ciudad de México Fondo Educativo Interamericano 1982
Matèries:
Etiquetes: Afegir etiqueta
Sense etiquetes, Sigues el primer a etiquetar aquest registre!

MARC

LEADER 00000nam a2200000 a 4500
001 UCY7314
003 CL-VaPUC
008 950609e19820000MX |||||||||||||||||spa|d
082 0 4 |a 302  |b DOI  |2 21 
100 0 |a Doise, Willem  |e author  |9 337769 
245 1 0 |a Psicología social y relaciones entre grupos: estudio experimental 
300 |a 240 p 
942 |c BK 
945 |d 19950609 00:00:00  |a cmena 
260 |a Ciudad de México  |b Fondo Educativo Interamericano  |c 1982 
650 0 |a Sociología   |9 255410 
650 0 |a Ciencias sociales   |9 256351 
650 0 |a Psicología social   |9 222894 
650 7 |a GRUPOS  |2 CL-VaPUC  |9 336429 
650 7 |a PSICOLOGIA EXPERIMENTAL  |2 CL-VaPUC  |9 309015 
650 7 |a PSICOLOGIA GENETICA  |2 CL-VaPUC  |9 308771 
650 0 |a Desarrollo afectivo  |9 334359 
650 0 |a Interacción social   |9 307764 
583 |a last modification  |c 19950609 00:00:00  |k Rodrigo Vera 
999 |c 234723  |d 234721 
952 |0 0  |1 0  |4 0  |6 302_000000000000000_DOI_1982  |7 0  |8 P  |9 241375  |a BIBEDU  |b BIBEDU  |c BIBEDU_PB  |d 2019-11-18  |i 1517252  |o 302 DOI 1982  |p 1517252  |r 2024-01-25  |w 2019-11-18  |y BK  |k EDU 
952 |0 0  |1 0  |4 0  |6 302_000000000000000_DOI_1982  |7 0  |8 P  |9 241376  |a BIBEDU  |b BIBEDU  |c BIBEDU_PB  |d 2019-11-18  |i 1517260  |o 302 DOI 1982  |p 1517260  |r 2024-01-25  |w 2019-11-18  |y BK  |k EDU 
952 |0 0  |1 0  |4 0  |6 302_000000000000000_DOI_1982  |7 0  |8 A  |9 241377  |a BIBENE  |b BIBENE  |d 2019-11-18  |i 1983881  |o 302 DOI 1982  |p 1983881  |r 2025-01-15  |w 2019-11-18  |y BK  |k ICO